| 000 | 00770nam a22001337a 4500 | ||
|---|---|---|---|
| 040 | _cRUA | ||
| 082 | _aAGR SAV 2009 B041 Or.1 | ||
| 100 | _aSAV, SAMNEANG. | ||
| 245 | _aeffect of organic fertilizers and hill spacing on bunching onion at crop station of royal university of agriculture (ឥទ្ធិពលជីធម្មជាតិ និង ចន្លោះគុម្ពលើដំណាំខ្ទឹមស្លឹកនៅស្ថានីយ៍ពិសោធន៍ដំណាំនៃសាកលវិទ្យាល័យភូមិន្ទកសិកម្ម) | ||
| 260 |
_aPhnom Penh _bRUA _c2009 |
||
| 300 |
_axi, 65p. _bill. _c29cm. |
||
| 856 | _uhttps://drive.google.com/file/d/1hncKtq7Hrf8LlPnnnnPUsGS4WVxiftcS/view?usp=sharing | ||
| 942 | _cAGR | ||
| 999 |
_c908 _d908 |
||